Gaming Quiz

Random Gaming or Toys Quiz

Find the Toy Hall of Fame Inductees II Quiz Stats

 Plays Quiz Updated Sep 5, 2019

Score 0/20 Timer 04:00
12 Plays Today
% Correct
Jack-in-the-Box
97.8%
Paper Airplane
97.8%
Bicycle
97.8%
Magic 8 Ball
97.7%
Rubik's Cube
97.7%
Skateboard
97.7%
Jump Rope
97.6%
Dominoes
97.6%
Teddy Bear
97.6%
Little Green Army Men
97.5%
% Correct
Super Soaker
97.4%
Frisbee
97.3%
Uno
97.3%
Marbles
97.3%
Hula Hoop
97.2%
Jigsaw Puzzle
97.1%
Swing
97.1%
Lincoln Logs
96.7%
Wiffle Ball
94.8%
Pinball
94.7%

You're not logged in!

Compare scores with friends on all Sporcle quizzes.
OR
Log In

Sporcle TV

Today on Sporcle TV


Watch our educational content, quiz creation guides, and fun videos on Sporcle TV.

Show Comments

Extras

Top Quizzes Today


Score Distribution

Your Account Isn't Verified!

In order to create a playlist on Sporcle, you need to verify the email address you used during registration. Go to your Sporcle Settings to finish the process.

Report this User

Report this user for behavior that violates our Community Guidelines.

Details: